|
|
|
|
| LEADER |
00000naa2a2200000 4500 |
| 001 |
174427 |
| 005 |
20231031164704.0 |
| 035 |
|
|
|a (RuTPU)RU\TPU\book\189153
|
| 090 |
|
|
|a 174427
|
| 100 |
|
|
|a 20100127d2009 k y0rusy50 ca
|
| 101 |
0 |
|
|a rus
|
| 102 |
|
|
|a RU
|
| 200 |
1 |
|
|a Обозначение звуков, издаваемых животными, как основа метафорического осмысления в русском и китайском языках
|f Дай Инли
|g науч. рук. З. И. Резанова
|
| 320 |
|
|
|a Библиогр.: 2 назв.
|
| 463 |
|
0 |
|0 (RuTPU)RU\TPU\book\182746
|t Научная инициатива иностранных студентов и аспирантов российских вузов
|o II Всероссийская научно-практическая конференция, Томск, 21-22 мая 2009 г.
|o сборник докладов
|f Ассоциация иностранных студентов в России (АИС); Томский политехнический университет (ТПУ), Институт международного образования и языковой коммуникации (ИМОиЯК)
|v С. 413-415
|d 2009
|p 565 с.
|
| 610 |
1 |
|
|a звуки
|
| 610 |
1 |
|
|a животные
|
| 610 |
1 |
|
|a русский язык
|
| 610 |
1 |
|
|a китайский язык
|
| 610 |
1 |
|
|a звучание
|
| 610 |
1 |
|
|a сравнительное описание
|
| 610 |
1 |
|
|a метафоры
|
| 610 |
1 |
|
|a труды учёных ТПУ
|
| 700 |
|
0 |
|a Дай Инли
|
| 702 |
|
1 |
|a Резанова
|b З. И.
|4 727
|
| 801 |
|
1 |
|a RU
|b 63413507
|c 20100127
|
| 801 |
|
2 |
|a RU
|b 63413507
|c 20110802
|g RCR
|
| 942 |
|
|
|c BK
|